<?xml version="1.0" encoding="UTF-8"?>
<marc:record xmlns:marc="http://www.loc.gov/MARC21/slim">
   <marc:leader>00000nam a2200000 a 4500</marc:leader>
   <marc:datafield ind1="1" ind2=" " tag="100">
      <marc:subfield code="a">Franz, Andreas</marc:subfield>
      <marc:subfield code="4">aut</marc:subfield>
      <marc:subfield code="e">Verfasser/-in</marc:subfield>
   </marc:datafield>
   <marc:datafield ind1="0" ind2="0" tag="245">
      <marc:subfield code="a">Blutwette</marc:subfield>
   </marc:datafield>
   <marc:datafield ind1="0" ind2="0" tag="245">
      <marc:subfield code="b">Julia Durants neuer Fall</marc:subfield>
   </marc:datafield>
   <marc:datafield ind1=" " ind2="1" tag="264">
      <marc:subfield code="b">Knauer</marc:subfield>
      <marc:subfield code="c">2018</marc:subfield>
   </marc:datafield>
   <marc:datafield ind1="1" ind2=" " tag="490">
      <marc:subfield code="a">Julia Durant</marc:subfield>
   </marc:datafield>
   <marc:datafield ind1="1" ind2=" " tag="520">
      <marc:subfield code="a">Frankfurt: Ein Sportler hat Selbstmord begangen. Er schien einen tadellosen Ruf zu genießen, doch hinter der glänzenden Fassade tut sich nach seinem Ableben ein Abgrund auf: Drogen, Glücksspiel, hohe Schulden und eine bevorstehende Trennung. Als Julia Durant diesen neuen Erkenntnissen auf den Grund gehen will, werden ihr immer wieder Steine in den Weg gelegt. Durch Zufall stößt sie bei ihren Ermittlungen auf einen Mord, der Jahre zuvor an einer Südeuropäerin begangen wurde, bei der Sein und äußerer Schein</marc:subfield>
   </marc:datafield>
   <marc:datafield ind1=" " ind2=" " tag="020">
      <marc:subfield code="a">9783426520840</marc:subfield>
      <marc:subfield code="9">9783426520840</marc:subfield>
   </marc:datafield>
</marc:record>
